| 000 | 00577nam a2200181 a 4500 | ||
|---|---|---|---|
| 001 | 5705 | ||
| 003 | CDMR | ||
| 005 | 20151016134201.0 | ||
| 008 | 130130n ||||sp |||||||||||||||||cat|d | ||
| 040 |
_aCDMR _bcat _cCPC LLEIDA |
||
| 110 | 2 |
_92844 _aPartit dels Socialistes de Catalunya (PSC-PSOE) |
|
| 245 | 1 | 4 | _aUna aproximació progressista a la comunicació |
| 260 |
_aBarcelona _bLa Rosa de Barcelona (PSC Barcelona) _c[199?] |
||
| 300 | _a160 p. | ||
| 650 | 0 | 4 |
_93470 _aPremsa i política |
| 650 | 0 | 4 |
_92807 _aMitjans de comunicació de massa _xAspectes polítics |
| 942 |
_cMON _2ddc |
||
| 999 |
_c5705 _d5705 |
||